000
00218nam a2200109Ia 4500
999
_c
7092
_d
7092
020
_a
9780750619097
100
_a
Peter F. Drucker
245
0
_a
Management
260
_a
USA
_b
Dorling
_c
1995
300
_a
575
942
_c
BK